[Event "3rd Sharjah Masters 2019"]
[Site "Sharjah UAE"]
[Date "2019.03.29"]
[Round "8.40"]
[White "Tokhirjonova, Gulrukhbegim"]
[Black "Gandhi, Anish"]
[Result "1/2-1/2"]
[WhiteTitle "WGM"]
[WhiteElo "2434"]
[BlackElo "2156"]
[WhiteFideId "14203626"]
[BlackFideId "5061032"]
[EventDate "2019.03.22"]

1. e4 c5 2. Nf3 d6 3. d4 cxd4 4. Nxd4 Nf6 5. Nc3 a6 6. h3 e5 7. Nb3 Be6 8. f4 g6
9. Be2 Nbd7 10. O-O Rc8 11. f5 gxf5 12. exf5 Bc4 13. Bxc4 Rxc4 14. Nd2 Rd4 15.
Qe2 Qc7 16. Nf3 Rc4 17. Be3 Rg8 18. Rad1 Qc6 19. Rf2 Be7 20. Qf1 d5 21. Bg5 Rxg5
22. Nxg5 Bc5 23. Re1 Rf4 24. Nf3 Ne4 25. Nd1 Kd8 26. Ne3 Qb6 27. Kh2 Bxe3 28.
Rfe2 Bf2 29. Rd1 Bg3+ 30. Kh1 Nf2+ 31. Rxf2 Qxf2 32. Qd3 d4 33. Qb3 Qe2 34. Rg1
Qe4 35. Ng5 Qe3 36. Qxf7 Kc7 37. Ne6+ Kd6 38. Nxf4 exf4 39. Qxh7 Nc5 40. Qg6+
Kc7 41. Qf7+ Kc6 42. Rd1 Bf2 43. Qg6+ Kd7 44. Qf7+ Kd6 45. Qg6+ Kd7 46. Qf7+ Kc6
47. Qg6+ Kd7 48. f6 1/2-1/2

[Event "3rd Sharjah Masters 2019"]
[Site "Sharjah UAE"]
[Date "2019.03.29"]
[Round "8.42"]
[White "Srihari, L R"]
[Black "Tissir, Mohamed"]
[Result "1/2-1/2"]
[WhiteTitle "FM"]
[BlackTitle "IM"]
[WhiteElo "2211"]
[BlackElo "2386"]
[WhiteFideId "46617116"]
[BlackFideId "9000240"]
[EventDate "2019.03.22"]

1. d4 d6 2. c4 e5 3. Nf3 Nd7 4. Nc3 Ngf6 5. e4 Be7 6. Be2 O-O 7. O-O Re8 8. Qc2
c6 9. h3 Bf8 10. Be3 h6 11. Rad1 Qc7 12. c5 exd4 13. cxd6 Bxd6 14. Nxd4 Bh2+ 15.
Kh1 Bf4 16. Bxf4 Qxf4 17. g3 Qc7 18. f4 Nb6 19. Kh2 Bd7 20. Bf3 Rac8 21. Rfe1
Kh8 22. Qg2 Rcd8 23. e5 Nh7 24. Ne4 Nc8 25. Nc5 Nf8 26. Qc2 Ne6 27. Ndxe6 Bxe6
28. Nxe6 Rxe6 29. Rxd8+ Qxd8 30. Rd1 Qe8 31. Rd4 Nb6 32. Qd3 Nd5 33. Bxd5 cxd5
34. Rxd5 Qc6 35. Rd6 Qa4 36. Rd8+ Re8 37. Qb3 Qc6 38. Rxe8+ Qxe8 39. Qxb7 Qa4
40. Qb3 Qe4 41. Qd1 g6 42. Qd2 Kg7 43. b4 h5 44. h4 Qc4 45. Qb2 Kg8 46. a4 Qa6
47. Qc2 Qb6 48. b5 a6 49. Qb2 axb5 50. axb5 Kh7 51. Kg2 Qb7+ 52. Kg1 Qb6+ 53.
Kh2 Kg8 54. Qe2 Kh7 55. f5 gxf5 56. Qxh5+ Kg8 57. Qe2 Kg7 58. Kg2 Qd4 59. Kh2
Qb6 60. Qb2 Kg8 61. h5 Kh7 62. Kg2 Kh6 63. Qe2 Qd4 64. Kh2 f4 65. gxf4 Qxf4+ 66.
Kg2 Qg5+ 67. Kf2 Qf4+ 68. Ke1 Qc1+ 69. Kf2 Qf4+ 70. Kg2 Qg5+ 71. Kh3 Qf5+ 72.
Kg3 Qg5+ 73. Kh3 Qf5+ 74. Kg3 Qg5+ 75. Qg4 Qe3+ 76. Qf3 Qg5+ 77. Kh3 Qxe5 78.
Qxf7 Qe3+ 79. Kg4 Qe2+ 80. Kg3 Qd3+ 81. Kf2 Qd2+ 82. Kg1 Qg5+ 83. Kf1 Qxb5+ 1/2-1/2

[Event "3rd Sharjah Masters 2019"]
[Site "Sharjah UAE"]
[Date "2019.03.29"]
[Round "8.44"]
[White "Boudriga, Mohamed Ali"]
[Black "Franco Valencia, Angela"]
[Result "0-1"]
[WhiteTitle "IM"]
[BlackTitle "WIM"]
[WhiteElo "2369"]
[BlackElo "2141"]
[WhiteFideId "5500460"]
[BlackFideId "4403070"]
[EventDate "2019.03.22"]

1. e4 e5 2. Nf3 Nc6 3. Bb5 a6 4. Ba4 Nge7 5. O-O g6 6. c3 Bg7 7. d4 exd4 8. cxd4
b5 9. Bb3 d6 10. h3 O-O 11. Nc3 Na5 12. Bc2 Bb7 13. d5 Nc4 14. Nd4 c5 15. dxc6
Nxc6 16. Nxc6 Bxc6 17. Bb3 Re8 18. Bxc4 bxc4 19. Re1 Rb8 20. Re2 Qa5 21. Qxd6
Bxc3 22. Qxc6 Rbc8 23. Qb7 Rc7 24. Qxc7 Qxc7 25. bxc3 Qe5 26. Bd2 h5 27. Rc1 Qd6
28. Be3 Qa3 29. Rcc2 Rxe4 30. Red2 Re8 31. Rd4 Qa4 32. Rcd2 Qb5 33. Kh2 Kh7 34.
h4 a5 35. Rd5 Qb8+ 36. g3 a4 37. R5d4 Qb5 38. Rf4 Kg8 39. Rf6 a3 40. Rf4 Rc8 41.
Rfd4 Qa5 42. Rd5 Qa8 43. Rd7 Re8 44. R2d4 Qc8 45. R4d5 Qb8 46. Bd4 Rf8 47. Ra7
Qb2 48. Rda5 Qxa2 49. Rxa3 Qe2 50. R3a6 Qe4 51. Rf6 Kh7 52. Rfxf7+ Rxf7 53.
Rxf7+ Kg8 54. Rc7 Qd3 55. Ra7 Qe4 56. Kg1 Qb1+ 57. Kg2 Qe4+ 58. Kh2 Qd3 59. Re7
Qc2 60. Kg2 Kf8 61. Re3 Kf7 62. Rf3+ Ke8 63. Rf4 Kd7 64. Kh2 Kc8 65. Kg2 Kd7 66.
Bg7 Qa2 67. Rf7+ Ke8 68. Rf4 Kd7 69. Kf3 Qa8+ 70. Ke3 Qa3 71. Bd4 Qa1 72. Ke4
Qa8+ 73. Ke5 Qa6 74. Rf7+ Ke8 75. Rf6 Qb5+ 76. Kf4 Qb1 77. Kg5 Qe4 78. Rxg6 Kf7
79. Rf6+ Ke7 80. Kxh5 Qxd4 81. Rf3 Qd5+ 82. Kg4 Qd1 83. Kf4 Ke6 84. Re3+ Kf6 85.
g4 Qd6+ 86. Kf3 Qh2 87. Re4 Qh3+ 88. Kf4 Qxc3 89. g5+ Kf7 90. f3 Qd2+ 91. Kf5
Qd7+ 92. Ke5 c3 0-1